Elenca la formazione - Quiz n°285 - Statistics

Statistiche generali
  • Questo quiz è stato fatto 38 volte
  • Il punteggio medio è 5 su 11
Statistiche sulle risposte
Ruolo Club dell'epoca Calciatore % Corretto
Attaccante Barcellona Lionel Messi
91%
Difensore Ajax Nicolás Tagliafico
77%
Attaccante Paris Saint-Germain Ángel Di María
74%
Portiere River Plate Franco Armani
71%
Difensore Manchester city Nicolás Otamendi
71%
Difensore Manchester United Marcos Rojo
63%
Centrocampista Siviglia Éver Banega
34%
Centrocampista Hebei CFFC Javier Mascherano
29%
Difensore Siviglia Gabriel Mercado
14%
Centrocampista River Plate Enzo Pérez
11%
Attaccante Boca Juniors Cristian Pavón
6%
Nessun quiz corrispondente trovato
Distribuzione punteggi
Percentuale di utenti per punteggio
Percentile per numero di risposta
I tuoi punteggi nel tempo
Non hai fatto questo quiz